00000000nam##2200000za#4500
0019.678569
003CaOODSP
00520200328190512
007ta
008150407|1992||||xxc|||||     f|0| 0 fre|d
020 |a0-662-98379-3
040 |aCaOODSP|bfre
043 |an-cn---
0861 |aE74-53/2-1993F
1101 |aCanada.|bAffaires extérieures et Commerce extérieur. |bExpansion du commerce international.
24510|aAccord de libre-échange nord-américain entre le gouvernement du Canada, le gouvernement des États-Unis d'Amérique et le gouvernement des États-Unis du Mexique
260 |aOttawa - Ontario : |bAffaires extérieures et Commerce extérieur. |c1992. Réimprimé avec les modifications, 1993.
300 |aEnviron 1035p. en pagination multiple. : |btableaux ; |c28 cm.
500 |aNote au verso de la page de titre: Texte du 17 décembre 1992, comprenant l'errata, Version de travail du comité parlementaire. Cette publication est une édition révisée du texte légal signalé dans la Liste hebdomadaire 1992 n° 52, le 24 décembre 1992 (n° de cat. E74-53/2-1992F, ISBN 0-660-94051-5). Elle comprend l'Errata signalé dans la Liste hebdomadaire 1993 n° 20, le 21 mai 1993 (n° de cat. E74-53/2-1992-1F, ISBN 0-662-98427-7).
563 |aCouverture souple
77508|tNorth American Free Trade Agreement between the Government of Canada, the Government of the United Mexican States and the Government of the United States of America.|w(CaOODSP)9.644762